[Event "St Petersburg-ch"]
[Site "St Petersburg"]
[Date "1996.??.??"]
[Round "13"]
[White "Sivokho, Sergey"]
[Black "Epishin, Vladimir"]
[Result "1/2-1/2"]
[WhiteElo "2410"]
[BlackElo "2620"]

1.e4 c5 2.c3 Nf6 3.e5 Nd5 4.d4 cxd4 5.Nf3 e6 6.cxd4 b6 7.Nc3 Nxc3 8.bxc3 Qc7
9.Bd2 d6 10.Bd3 Bb7 11.O-O Nd7 12.Ng5 dxe5 13.Qh5 g6 14.Qh3 Be7 15.Rfe1 Bxg5
16.Bxg5 f5 17.dxe5 h6 18.Bb5 Kf7 19.Be3 Nc5 20.Rad1 Rad8 21.Qh4 Ne4 22.f3 Ng5
23.Bxg5 hxg5 24.Qxg5 Qe7 25.Qxe7+ Kxe7 26.f4 Bd5 27.Rd4 a6 28.Bxa6 Bxa2 29.Red1 Rxd4
30.Rxd4 Ra8 31.Bc4 Ra4 32.Bb5 Ra7 33.Ra4 Ra5 34.Rxa5 bxa5 35.Ba4 Kd8 36.Kf2 Kc7
37.Ke3 Bd5 38.Be8 Bxg2 39.h4 Kd8 40.Bxg6 a4 41.Kd2 a3 42.Kc1 Bd5 43.Bh5 Bc4
44.Kb1 Ke7 45.Ka1 Kf8 46.Bd1 Kg7 47.Bc2 a2 48.Ba4  1/2-1/2

[Event "Jacques Lemans op16"]
[Site "St Veit"]
[Date "1996.??.??"]
[Round "3"]
[White "Hummel, Markus"]
[Black "Siegmund, Rainer"]
[Result "1-0"]
[WhiteElo "1970"]
[BlackElo "2170"]

1.e4 c5 2.c3 Nf6 3.e5 Nd5 4.d4 cxd4 5.cxd4 d6 6.Bc4 Nb6 7.Bb5+ Bd7 8.e6 fxe6
9.Bd3 Qc7 10.Nc3 Nc6 11.Nb5 Qb8 12.Qh5+ Kd8 13.Bd2 Nd5 14.a3 Nf6 15.Qh4 a6
16.Nc3 e5 17.Nf3 exd4 18.Nxd4 Nxd4 19.Qxd4 e5 20.Qb6+ Qc7 21.Qb3 Bc6 22.O-O d5
23.Rfe1 Bc5 24.Bg5 Qd6 25.Rad1 Kc7 26.Qc2 Kb6 27.b4 Bd4 28.b5 axb5 29.Nxb5 Bxb5
30.Bxb5 Rxa3 31.Rb1 Ka7 32.Bc1 Ra5 33.Bd2 Rxb5 34.Rxb5 Ne4 35.Be3 Bxe3 36.Rxe3  1-0

[Event "Jacques Lemans op16"]
[Site "St Veit"]
[Date "1996.??.??"]
[Round "4"]
[White "Praznik, Anton"]
[Black "Pfaffel, Thomas"]
[Result "1-0"]
[WhiteElo "2230"]
[BlackElo "2035"]

1.e4 c5 2.c3 Nf6 3.e5 Nd5 4.d4 cxd4 5.Nf3 Nc6 6.Bc4 Nb6 7.Bb3 e6 8.cxd4 d5
9.Nc3 a6 10.a3 Be7 11.O-O f6 12.Bc2 O-O 13.Qd3 f5 14.Ne1 Nd7 15.b4 b5 16.f4 Nb6
17.Ne2 Nc4 18.Kh1 Bd7 19.Qh3 Qb6 20.Nf3 a5 21.bxa5 Rxa5 22.g4 b4 23.a4 b3
24.Rb1 b2 25.Bd2 Bb4 26.gxf5 exf5 27.e6 Bxd2 28.Ng5 h6 29.Bxf5 Ne7 30.Bh7+ Kh8
31.exd7 Qf6 32.Bc2 Ne3 33.Nh7 Qf7 34.Nxf8 Qxf8 35.Rg1 Nxc2 36.Rxb2 Be3 37.Rxc2 Bxg1
38.Rc8  1-0

[Event "Jacques Lemans op16"]
[Site "St Veit"]
[Date "1996.??.??"]
[Round "5"]
[White "Praznik, Niko"]
[Black "Tratar, Marko"]
[Result "1-0"]
[WhiteElo "2145"]
[BlackElo "2420"]

1.e4 c5 2.c3 Nf6 3.e5 Nd5 4.Nf3 Nc6 5.Bc4 Nb6 6.Be2 d6 7.exd6 Qxd6 8.d4 cxd4
9.cxd4 g6 10.Nc3 Be6 11.Nb5 Qd8 12.O-O Bg7 13.Bf4 Rc8 14.Ne5 a6 15.Nxc6 Rxc6
16.Nc3 Nd5 17.Nxd5 Bxd5 18.Be5 O-O 19.Bxg7 Kxg7 20.b3 Qa5 21.Bd3 Rd8 22.Qe1 Qxe1
23.Rfxe1 Rc3 24.Rad1 e6 25.h3 a5 26.Be4 b5 27.Bxd5 Rxd5 28.Rd2 Kf6 29.Kf1 a4
30.Re3 Rxe3 31.fxe3 axb3 32.axb3 e5 33.Ke2 exd4 34.exd4 Rd8 35.Kd3 Rc8 36.Rc2 Rxc2
37.Kxc2 Ke6 38.Kc3 Kd5 39.Kb4 Kc6 40.d5+ Kb6 41.d6 f5 42.d7 Kc7 43.Kxb5 g5
44.Kc5 g4 45.Kd5  1-0

[Event "Jacques Lemans op16"]
[Site "St Veit"]
[Date "1996.??.??"]
[Round "8"]
[White "Praznik, Anton"]
[Black "Widowitz, Josef"]
[Result "1-0"]
[WhiteElo "2230"]
[BlackElo "1951"]

1.e4 c5 2.c3 Nf6 3.e5 Nd5 4.d4 cxd4 5.Nf3 Nc6 6.cxd4 d6 7.Bc4 Nb6 8.Bb3 dxe5
9.d5 Nd4 10.Nxd4 exd4 11.Qxd4 e6 12.Nc3 exd5 13.O-O Be6 14.Re1 Rc8 15.Bf4 Be7
16.Qxg7 Bf6 17.Qh6 Rg8 18.Rad1 Bxc3 19.bxc3 Rg6 20.Qxh7 Qf6 21.Be5 Qg5 22.Bg3 Rh6
23.Qd3 Kf8 24.Qd4 Rg6 25.Re3 Rc6 26.Rde1 Nc8 27.Re5 Qd8 28.Rh5 Ne7 29.Bh4 Qd6
30.Rh8+ Rg8 31.Bxe7+ Qxe7 32.Rxg8+ Kxg8 33.Re3 Qa3 34.h3 Qc1+ 35.Kh2 a6 36.Qf6 Rc8
37.Qh6 Rxc3 38.Rg3+  1-0

[Event "SUI-chT"]
[Site "SUI"]
[Date "1996.??.??"]
[Round "1"]
[White "Godena, Michele"]
[Black "Kaenel, Hansjuerg"]
[Result "1/2-1/2"]
[WhiteElo "2550"]
[BlackElo "2405"]

1.e4 c5 2.c3 Nf6 3.e5 Nd5 4.Nf3 d6 5.d4 cxd4 6.cxd4 Nc6 7.Bc4 Nb6 8.Bb5 Bd7
9.exd6 e6 10.Bg5 Qb8 11.Nc3 Bxd6 12.O-O O-O 13.Re1 Nb4 14.Bxd7 Nxd7 15.a3 Nd5
16.Nxd5 exd5 17.Qb3 Nb6 18.a4 Qc7 19.a5 Nc4 20.Qb5 Qc6 21.Qxc6 bxc6 22.b3 Na3
23.Be7 Bxe7 24.Rxe7 Nb5 25.Rc1 Rac8 26.Kf1 Rfd8 27.Rb7 Re8 28.h4 h5 29.a6 f6
30.g3 Kf8 31.Rc2 Kg8 32.Rc5 Kf8 33.Rc2 Kg8 34.Rc1 Kf8 35.Kg2 Kg8 36.Rc2 Kf8
37.Rc1 Kg8 38.Kh3 Kf8 39.Rc2 Kg8 40.Rc1 Kf8 41.Rc2 Kg8 42.Kg2  1/2-1/2

[Event "SUI-chT"]
[Site "SUI"]
[Date "1996.??.??"]
[Round "5"]
[White "Erismann, Peter"]
[Black "Gast, Jonathan"]
[Result "0-1"]
[WhiteElo "2245"]
[BlackElo "2260"]

1.e4 c5 2.c3 Nf6 3.e5 Nd5 4.d4 cxd4 5.Qxd4 Nc7 6.Nf3 Nc6 7.Qe4 d5 8.exd6 Qxd6
9.Bf4 Qd5 10.Bd3 Qxe4+ 11.Bxe4 Ne6 12.Be3 g6 13.Na3 Bg7 14.O-O-O O-O 15.Nc4 Ned8
16.Rhe1 Be6 17.Bd5 Rc8 18.Kb1 b5 19.Na3 Bf5+ 20.Ka1 b4 21.cxb4 Nxb4 22.Bb3 Ndc6
23.Nd4 Nxd4 24.Bxd4 Bxd4 25.Rxd4 Nd3 26.Rf1 Nxf2 27.Nc4 Ng4 28.h3 Nf6 29.Ne5 Rc5
30.Re1 Be4 31.Nd7 Nxd7 32.Rdxe4 e6 33.Rd4 Rfc8 34.Kb1 Nb6 35.a3 Kg7 36.g4 Rb5
37.Ka2 Rb8 38.Re2 a5 39.Rf2 Rb7 40.a4 Re5 41.Rdf4 Rd7 42.Rc2 h5 43.Rc6 Rb7
44.Rd4 hxg4 45.hxg4 Re2 46.Rc2 Rxc2 47.Bxc2 Nd5 48.Be4 Nb4+ 49.Kb3 Rb8 50.Kc3 f5
51.gxf5 gxf5 52.Bg2 Kf6 53.Rc4 Rg8 54.Bf1 Rg1 55.Be2 Rg2 56.Bd1 Nd5+ 57.Kb3 Rg3+
58.Ka2 Nb4+ 59.Kb1 Rg1 60.Kc1 Nd3+ 61.Kc2 Nxb2 62.Kxb2 Rxd1 63.Rc5 Rd5  0-1

[Event "SUI-chT"]
[Site "SUI"]
[Date "1996.??.??"]
[Round "5"]
[White "Wolff, Armel David"]
[Black "Keller, Rudolf"]
[Result "0-1"]
[WhiteElo "2225"]
[BlackElo "2280"]

1.e4 c5 2.c3 Nf6 3.e5 Nd5 4.d4 cxd4 5.Nf3 Nc6 6.Bc4 Nb6 7.Bb3 g6 8.cxd4 Bg7
9.Bf4 O-O 10.Qd2 d6 11.Bh6 Bg4 12.Bxg7 Kxg7 13.Qe3 Bxf3 14.gxf3 dxe5 15.dxe5 Qd4
16.Qxd4 Nxd4 17.Nd2 Rac8 18.O-O Rc5 19.Rfe1 Rd8 20.Rad1 a5 21.a4 Nxb3 22.Nxb3 Rxd1
23.Rxd1 Rxe5 24.f4 Re4 25.Nxa5 Nxa4 26.b3 b6 27.Nc6 Nc3 28.Rd7 Kf6 29.Rb7 Nd5
30.Kg2 Rxf4 31.f3 h5 32.h3 h4 33.Kf2 Ke6 34.b4 Kd6 35.b5 Rc4 36.Nd8 f6 37.Nf7+ Kc5
38.Rd7 Rc2+ 39.Kg1 Rb2 40.Nh8 g5  0-1

[Event "SUI-chT"]
[Site "SUI"]
[Date "1996.??.??"]
[Round "7"]
[White "Ekstroem, Roland"]
[Black "Kaenel, Hansjuerg"]
[Result "1/2-1/2"]
[WhiteElo "2430"]
[BlackElo "2405"]

1.e4 c5 2.c3 Nf6 3.e5 Nd5 4.d4 cxd4 5.Nf3 Nc6 6.cxd4 d6 7.Nc3 Nxc3 8.bxc3 Bg4
9.h3 Bxf3 10.Qxf3 dxe5 11.d5 Nb8 12.Rb1 Qc8 13.Bb5+ Nd7 14.O-O a6 15.Bxd7+ Qxd7
16.Re1 f6 17.Rb6 Qc7 18.Be3 Rd8 19.Qe4 Qxc3 20.Rc1 Qa5 21.d6 Qa3 22.Qxb7 Rxd6
23.Rc8+ Kf7 24.Rxd6 Qxd6 25.Bc5 Qe6 26.Bxe7 Bxe7 27.Rxh8 Qxa2 28.Qc8 Qa1+
29.Kh2 Qa4 30.Qg8+ Kg6 31.Qxh7+ Kf7 32.g3 Qd4 33.Qg8+ Kg6 34.Kg1 Bc5  1/2-1/2

[Event "SUI-chT"]
[Site "SUI"]
[Date "1996.??.??"]
[Round "8"]
[White "Erismann, Peter"]
[Black "Keller, Rudolf"]
[Result "1-0"]
[WhiteElo "2245"]
[BlackElo "2280"]

1.e4 c5 2.c3 Nf6 3.e5 Nd5 4.d4 cxd4 5.Qxd4 e6 6.Nf3 Nc6 7.Qe4 d6 8.Nbd2 dxe5
9.Nxe5 Nxe5 10.Qxe5 Bd7 11.Nc4 Bc6 12.Be2 Qc7 13.O-O O-O-O 14.Bg5 f6 15.Qxc7+ Kxc7
16.Bd2 e5 17.Rfd1 Be7 18.Na5 Bd7 19.Bf3 Be6 20.c4 Nb4 21.Nxb7 Rb8 22.Na5 Nc2
23.Nc6 Nxa1 24.Ba5+ Kb7 25.Nxe7+ Ka6 26.b4 Bxc4 27.Rxa1 Rhe8 28.Nd5 Bxd5
29.Bxd5 Rbc8 30.a4 Rc2 31.Be4 Rd2 32.Rc1 Rc8 33.Re1 g6 34.g4 Rc3 35.Kg2 Ra3
36.Rc1 Rxa4 37.Rc6+ Kb5 38.Rxf6 Raa2 39.h4 Kc4 40.h5 Kd4 41.Bb1 Rab2 42.hxg6 hxg6
43.Bxg6 e4 44.Rd6+ Ke5 45.Rxd2 Rxd2 46.Bc7+ Kd5 47.Bf4 Rb2 48.Bf7+ Kd4 49.g5 Rxb4
50.g6 Rb7 51.g7 Rxf7 52.Be3+  1-0

[Event "SVK-chT9596"]
[Site "?"]
[Date "1996.??.??"]
[Round "1"]
[White "Blazkova, Petra"]
[Black "Banas, Jan"]
[Result "0-1"]
[WhiteElo "2180"]
[BlackElo "2370"]

1.e4 c5 2.c3 Nf6 3.e5 Nd5 4.d4 cxd4 5.Nf3 e6 6.cxd4 d6 7.Bc4 Nb6 8.Bd3 Nc6
9.Nc3 Nb4 10.Bb1 dxe5 11.Nxe5 g6 12.Qf3 f6 13.Nxg6 hxg6 14.Bxg6+ Ke7 15.Ne4 N6d5
16.Bg5 Bg7 17.O-O Qc7 18.h3 fxg5 19.Rac1 Qf4 20.Qb3 g4 21.Qc4 b6 22.Nc3 gxh3
23.Nxd5+ Nxd5  0-1

[Event "SVK-chT9596"]
[Site "?"]
[Date "1996.??.??"]
[Round "2"]
[White "Pcola, Pavel"]
[Black "Dudas, Jan"]
[Result "1/2-1/2"]
[WhiteElo "2415"]
[BlackElo "2305"]

1.e4 c5 2.c3 Nf6 3.e5 Nd5 4.d4 cxd4 5.Nf3 Nc6 6.cxd4 d6 7.Bc4 e6 8.O-O Be7
9.Nbd2 O-O 10.Ne4 Nb6 11.exd6 Nxc4 12.dxe7 Nxe7 13.Qc2 Nd6 14.Bg5 Nxe4 15.Bxe7 Qxe7
16.Qxe4 Rb8 17.Rac1 b6 18.Qe5 Bb7 19.Rc7 Qf6 20.Qxf6  1/2-1/2

[Event "SVK-chT9596"]
[Site "?"]
[Date "1996.??.??"]
[Round "6"]
[White "Pcola, Pavel"]
[Black "Trichkov, Vasil"]
[Result "1/2-1/2"]
[WhiteElo "2415"]
[BlackElo "2415"]

1.e4 c5 2.c3 Nf6 3.e5 Nd5 4.d4 cxd4 5.Nf3 Nc6 6.cxd4 d6 7.Bc4 Nb6 8.Bb5 d5
9.O-O Bg4 10.b3 e6 11.Ba3 Bxa3 12.Nxa3 O-O 13.Bxc6 bxc6 14.Rc1 Qe7 15.Nc2 Rfc8
16.Ne3 Bxf3 17.Qxf3 c5 18.dxc5 Rxc5 19.Rxc5 Qxc5 20.Qg3 Rc8 21.h4 h5 22.Rd1 d4
23.Nf1 Nd5 24.Qg5 Nc3 25.Re1 g6 26.Ng3 d3 27.Nxh5 Ne4 28.Rxe4 Qc1+ 29.Kh2 Qxg5
30.hxg5 gxh5 31.Rd4 Rc2 32.Kg3 d2 33.a4 Kg7 34.Kf3 Kg6 35.Ke3 Rc3+ 36.Kxd2 Rxb3
37.Rd7 Rb2+ 38.Ke3 Rb3+ 39.Kd2 Rb2+ 40.Ke3 Rb3+  1/2-1/2

[Event "SVK-chT9596"]
[Site "?"]
[Date "1996.??.??"]
[Round "8"]
[White "Zambor, Norbert"]
[Black "Papanetz, Peter"]
[Result "1-0"]
[WhiteElo "2175"]
[BlackElo "2280"]

1.e4 c5 2.c3 Nf6 3.e5 Nd5 4.Nf3 Nc6 5.d4 cxd4 6.Bc4 Nb6 7.Bb3 d6 8.exd6 e6
9.cxd4 Bxd6 10.O-O Be7 11.Nc3 Nb4 12.Ne5 O-O 13.a3 N4d5 14.Qh5 Nf6 15.Qh4 Nbd5
16.Bc2 Re8 17.Bg5 h6 18.Be3 Bf8 19.Qg3 Nxe3 20.fxe3 Bd6 21.Rf2 Rf8 22.Raf1 Nd7
23.Ne4 Bxe5 24.dxe5 Qc7 25.Nd6 f5 26.exf6 Rxf6 27.Ne8 Qxg3 28.Nxf6+ Nxf6
29.hxg3 Bd7 30.Bb3 Kf8 31.e4 e5 32.Rc1 Ke7 33.Bd5 Rc8 34.Rfc2 Rxc2 35.Rxc2 Nxd5
36.exd5 Kd6 37.Rd2 Bf5 38.Kf2 Be4 39.Ke3 Bxd5 40.b4 b6 41.g4 Ke6 42.g3 Kd6
43.Rh2 a5 44.bxa5 bxa5 45.g5 hxg5 46.Rh5 Ke6 47.Rxg5 Kf6 48.Rh5 a4 49.Rh4 Bb3
50.Rb4 Kf5 51.Kd2 g6 52.Rb6 g5 53.Rb4 g4 54.Ke3 Bd1 55.Rb6 Bb3 56.Rh6 Bc2
57.Rh8 Bb3 58.Rh5+ Ke6 59.Rg5 Bd1 60.Kd2 Bf3 61.Rg6+ Kd5 62.Ra6 Kc4 63.Rxa4+ Kb3
64.Ra7 e4 65.Ke3 Bh1 66.Kf4 Bf3 67.Ra6 Ka2 68.Rg6 Kxa3 69.Rxg4  1-0

[Event "SVK-chT9596"]
[Site "?"]
[Date "1996.??.??"]
[Round "12"]
[White "Pcola, Pavel"]
[Black "Gazik, Igor"]
[Result "1/2-1/2"]
[WhiteElo "2415"]
[BlackElo "2380"]

1.e4 c5 2.c3 Nf6 3.e5 Nd5 4.d4 cxd4 5.Nf3 d6 6.Qxd4 e6 7.Bb5+ Bd7 8.Bg5 dxe5
9.Qxe5 Qb6 10.Bxd7+ Nxd7 11.Qe2 h6 12.Bc1 Rd8 13.O-O Be7 14.Nbd2 O-O 15.Nb3 Bf6
16.Rd1 Qc7 17.Nbd4 N7b6 18.g3 a6 19.Bd2 Rfe8 20.Rac1 Nc4 21.Be1 e5 22.Nf5 e4
23.N3d4 Bg5 24.b3 Ne5 25.Rc2 Nd3 26.a3 Nxe1 27.Qxe1 e3 28.f4 Bf6 29.c4 Ne7
30.Re2 Nxf5 31.Nxf5 Rxd1 32.Qxd1 Qc5 33.Qd5 Qxa3 34.Nd6 Re6 35.c5 Qa1+ 36.Kg2 Re7
37.Nxb7 Qd4 38.Qxd4 Bxd4 39.c6 Bb6 40.Nd6 Re6 41.Nc4 Bc5 42.Ne5 Bb6 43.Kf3 f6  1/2-1/2

[Event "Tampere Elo Taraus op"]
[Site "Tampere"]
[Date "1996.??.??"]
[Round "6"]
[White "Kiltti, Jyrki"]
[Black "Keskisarja, Teemu"]
[Result "1/2-1/2"]
[WhiteElo "2235"]
[BlackElo "2255"]

1.e4 c5 2.c3 Nf6 3.e5 Nd5 4.d4 cxd4 5.Bc4 Nb6 6.Bb3 Nc6 7.Nf3 g6 8.cxd4 Bg7
9.Bf4 d5 10.exd6 O-O 11.O-O Bg4 12.d5 Nd4 13.Nbd2 exd6 14.h3 Bxf3 15.Nxf3 Nxf3+
16.Qxf3 Bxb2 17.Rae1 a5 18.a4 Rc8 19.Qg3 Rc3 20.Re3 Rxe3 21.Qxe3 Re8 22.Qd2 Qf6
23.Be3 Bc3 24.Qd3 Nc8 25.Qb5 Qe7 26.Rc1 Bb4 27.Bg5 Na7 28.Bxe7 Nxb5 29.Bf6 Na7
30.Rc7 Rb8 31.Rd7 Kf8 32.Bd1 Bc5 33.Be2 Ke8 34.Re7+ Kf8 35.Rd7 Ke8 36.Re7+ Kf8  1/2-1/2

[Event "EU-ch U20 Girls"]
[Site "Tapolca"]
[Date "1996.??.??"]
[Round "2"]
[White "Werner, Veronika"]
[Black "Zhurina, Elizaveta"]
[Result "1/2-1/2"]
[WhiteElo "2205"]
[BlackElo "2310"]

1.e4 c5 2.c3 Nf6 3.e5 Nd5 4.d4 cxd4 5.Nf3 Nc6 6.Bc4 Nb6 7.Bb3 g6 8.cxd4 Bg7
9.Nc3 O-O 10.O-O d5 11.exd6 Qxd6 12.Nb5 Qd8 13.Be3 a6 14.Nc3 Na5 15.Bc2 Nac4
16.Bb3 Na5 17.Bc2 Nd5 18.Bd3 Nxc3 19.bxc3 Be6 20.Qe2 Rc8 21.Rfc1 Bc4 22.Nd2 Bxd3
23.Qxd3 b5 24.a4 Nc4 25.axb5 axb5 26.Rcb1 Qd5 27.Nxc4 bxc4 28.Qc2 e5 29.dxe5 Bxe5
30.Rd1 Qb5 31.Rab1 Qa5 32.Bd4 Rfe8 33.g3 Bxd4 34.Rxd4 Qh5 35.Re4 Qf3 36.Rf4 Qc6
37.Qd1 Rcd8 38.Qf3 Qe6 39.Rd1 Rxd1+  1/2-1/2

[Event "EU-ch U20 Girls"]
[Site "Tapolca"]
[Date "1996.??.??"]
[Round "5"]
[White "Iltchouk, Elena"]
[Black "Lomineishvili, Maia"]
[Result "0-1"]
[WhiteElo "2150"]
[BlackElo "2320"]

1.e4 c5 2.c3 Nf6 3.e5 Nd5 4.g3 d6 5.exd6 e6 6.Bg2 Bxd6 7.Nf3 O-O 8.O-O Nc6
9.d4 c4 10.Qe2 b5 11.Nbd2 Bb7 12.Ne4 Be7 13.Bg5 f6 14.Bd2 Re8 15.b3 Rc8 16.b4 Bf8
17.Qd1 e5 18.Nc5 Bxc5 19.dxc5 a5 20.a3 a4 21.Qc2 Nce7 22.Rad1 Qd7 23.Rfe1 Rcd8
24.Bc1 Bc6 25.Nd2 Rf8 26.Ne4 Qf5 27.Qb2 Qh5 28.Nd6 f5 29.Rd2 f4 30.Rde2 Ng6
31.f3 Nf6 32.Rf2 Nd5 33.Qc2 Qg5 34.Ne4 Qf5 35.Nd6 Qd7 36.Rfe2 Nde7 37.Rf1 Qa7
38.Rd2 Nd5 39.Rxd5 Bxd5 40.Nxb5 Qd7 41.Nd6 Qc6 42.Qf2 Rxd6 43.cxd6 Qxd6 44.Re1 Qc6
45.g4 Re8 46.Bd2 Rd8 47.Re2 Bf7 48.Be1 Rd3 49.Rd2 Bd5 50.Rxd3 cxd3 51.Bd2 Nf8
52.Qf1 Qc4 53.Qb1 Ne6 54.Bf1 e4 55.fxe4 Bxe4 56.Qd1 Bc6 57.Bg2 Qb3 58.Qf1 Bxg2
59.Kxg2 Qc2 60.Qc1 Qa2 61.h4 Qd5+ 62.Kf2 h6 63.Qd1 Qd8 64.Qh1 Qb6+ 65.Kf1 Kf8
66.Qe4 g5 67.h5  0-1

[Event "GEO-ch"]
[Site "Tbilisi"]
[Date "1996.??.??"]
[Round "?"]
[White "Lobzhanidze, Davit"]
[Black "Kacheishvili, Giorgi"]
[Result "1-0"]
[WhiteElo "2280"]
[BlackElo "2460"]

1.e4 c5 2.c3 Nf6 3.e5 Nd5 4.Nf3 e6 5.Bc4 d6 6.O-O Nb6 7.Bb3 c4 8.Bc2 dxe5
9.Nxe5 Qc7 10.Re1 Bd6 11.Nf3 Nc6 12.d4 cxd3 13.Qxd3 Bd7 14.a4 Ne5 15.Nxe5 Bxe5
16.h3 Bc6 17.Na3 a6 18.a5 Nd5 19.Nc4 Bh2+ 20.Kh1 O-O-O 21.Qe2 Bb5 22.Nb6+ Qxb6
23.c4 Bxc4 24.Qxc4+ Qc7 25.Qe2 Bf4 26.Ra4 Kb8 27.Rc4 Qd6  1-0

[Event "Czerniak mem"]
[Site "Tel Aviv"]
[Date "1996.??.??"]
[Round "1"]
[White "Zifroni, Dov"]
[Black "Manor, Ilan"]
[Result "1/2-1/2"]
[WhiteElo "2455"]
[BlackElo "2510"]

1.e4 c5 2.c3 Nf6 3.e5 Nd5 4.Nf3 d6 5.d4 cxd4 6.Qxd4 e6 7.Nbd2 Nc6 8.Bb5 Bd7
9.Bxc6 Bxc6 10.Ne4 dxe5 11.Nxe5 Qc7 12.O-O f6 13.Nxc6 Qxc6 14.Re1 Be7 15.c4 Nb4
16.Qc3 O-O-O 17.Bd2 Rd3 18.Qc1 Rd4 19.Bxb4 Bxb4 20.Qe3 Rhd8 21.Nc3 Rxc4 22.Qxa7 Rd2
23.Rad1 Bxc3 24.Qa8+ Kc7 25.bxc3 Re4 26.Qa5+ Kb8 27.c4 Qd6 28.Rc1 Qd4 29.Rf1 Ree2
30.Qb4 Qd6  1/2-1/2

[Event "Tel Aviv Cup rapid"]
[Site "Tel Aviv"]
[Date "1996.??.??"]
[Round "3"]
[White "Har Zvi, Ronen"]
[Black "Alterman, Boris"]
[Result "1/2-1/2"]
[WhiteElo "2510"]
[BlackElo "2585"]

1.e4 c5 2.c3 Nf6 3.e5 Nd5 4.Nf3 Nc6 5.d4 cxd4 6.Bc4 Nb6 7.Bb3 d5 8.exd6 Qxd6
9.O-O Be6 10.Na3 Bxb3 11.axb3 dxc3 12.Qe2 O-O-O 13.Ng5 Qd3 14.Qxd3 Rxd3 15.bxc3 e5
16.Nxf7 Rg8 17.b4 Be7 18.b5 Rf8 19.bxc6 Rxf7 20.cxb7+ Kxb7 21.Be3 Bxa3 22.Rxa3 Rfd7
23.g4  1/2-1/2

[Event "Czerniak mem"]
[Site "Tel Aviv"]
[Date "1996.??.??"]
[Round "4"]
[White "Zifroni, Dov"]
[Black "Kanstler, Boris"]
[Result "0-1"]
[WhiteElo "2455"]
[BlackElo "2475"]

1.e4 c5 2.c3 Nf6 3.e5 Nd5 4.Nf3 Nc6 5.d4 cxd4 6.Bc4 Nb6 7.Bb3 d5 8.exd6 Qxd6
9.O-O Be6 10.Na3 dxc3 11.Qe2 Bxb3 12.Nb5 Qb8 13.axb3 e5 14.bxc3 Be7 15.Bg5 Bxg5
16.Nxg5 h6 17.Ne4 O-O 18.Rfd1 Rd8 19.Nbd6 Qc7 20.Qh5 Qe7 21.Rd3 Qe6 22.Rad1 Rab8
23.b4 a6 24.Nc5 Qe7 25.Qe2 g6 26.Qe4 f5 27.Qe2 e4 28.R3d2 Ne5 29.f3 Kh7 30.fxe4 f4
31.Qf2 Rf8 32.Nb3 Nbd7 33.Nc5 Ng4 34.Qe2 Nde5 35.Nf5 gxf5 36.Rd7 Nxd7 37.Rxd7 Rbe8
38.Qd3 Rf7 39.Qd5 b6 40.Rxe7 Rexe7 41.Ne6 Ne3 42.Qd6 Nc4 43.Qc6 Ne5 44.Qd5 Ng4
45.e5 a5 46.b5 a4 47.h3 Ne3 48.Qa2 f3 49.gxf3 f4 50.Kf2 Rf5 51.h4 a3 52.Nxf4 Rexe5
53.Ne2 Nd1+ 54.Kg3 Re3 55.Nd4 Nxc3 56.Qc2 Ne4+ 57.Kg2 Rc5 58.Qd1 Rd5 59.Qc1 Rc3
60.Qf4 Nd6 61.Ne6 a2 62.Qf6 Rd2+ 63.Kh3 Rxf3+ 64.Qxf3 a1=Q 65.Nf8+ Kh8 66.Ne6 Nf7
67.Qxf7 Qh1+ 68.Kg4 Qd1+ 69.Qf3 Qxf3+ 70.Kxf3 Rd5  0-1

[Event "Tel Aviv Cup rapid"]
[Site "Tel Aviv"]
[Date "1996.??.??"]
[Round "4"]
[White "Zifroni, Dov"]
[Black "Huzman, Alexander"]
[Result "0-1"]
[WhiteElo "2455"]
[BlackElo "2570"]

1.e4 c5 2.c3 Nf6 3.e5 Nd5 4.Nf3 Nc6 5.d4 cxd4 6.Bc4 Nb6 7.Bb3 g6 8.Ng5 d5
9.exd6 e6 10.Qf3 Ne5 11.Qe4 Qxd6 12.O-O Bg7 13.cxd4 Nc6 14.Rd1 O-O 15.Qh4 h6
16.Nf3 Qe7 17.Qe4 Bd7 18.Nc3 Rfd8 19.Bf4 Na5 20.d5 Nxb3 21.axb3 Qe8 22.Bc7 exd5
23.Qb4 Rdc8 24.Bxb6 axb6 25.Nxd5 Rxa1 26.Rxa1 Rc2 27.Nxb6 Qe2 28.Qh4 Bf6
29.Qg3 Bxb2 30.Ra8+ Kg7 31.h4 Bc6 32.Rd8 Bxf3 33.Qxf3 Qe1+ 34.Kh2 Be5+  0-1

[Event "Czerniak mem"]
[Site "Tel Aviv"]
[Date "1996.??.??"]
[Round "5"]
[White "Har Zvi, Ronen"]
[Black "Shmuter, Leonid"]
[Result "1-0"]
[WhiteElo "2510"]
[BlackElo "2490"]

1.e4 c5 2.c3 Nf6 3.e5 Nd5 4.Nf3 d6 5.d4 cxd4 6.cxd4 Nc6 7.Bc4 e6 8.O-O Be7
9.Qe2 O-O 10.Qe4 Re8 11.Bd3 g6 12.a3 Bd7 13.Re1 Rc8 14.Nbd2 dxe5 15.dxe5 b5
16.h4 Na5 17.h5 Bc6 18.hxg6 hxg6 19.Qg4 Nf4 20.Bxb5 Bxb5 21.Qxf4 Bd3 22.b4 Nc4
23.Ne4 Bxe4 24.Qxe4 a5 25.bxa5 Qxa5 26.Bg5 Nxe5 27.Qxe5 Rc5 28.Bxe7 Rxe5
29.Nxe5 Rxe7 30.Nc6 Qc7 31.Nxe7+ Qxe7 32.a4 Qa7 33.a5 Qa6 34.Reb1 Kg7 35.Rb6 Qc4
36.a6 Qd4 37.Rbb1 Qa7 38.Rd1  1-0

[Event "Czerniak mem"]
[Site "Tel Aviv"]
[Date "1996.??.??"]
[Round "6"]
[White "Zifroni, Dov"]
[Black "Har Zvi, Ronen"]
[Result "1/2-1/2"]
[WhiteElo "2455"]
[BlackElo "2510"]

1.e4 c5 2.c3 Nf6 3.e5 Nd5 4.d4 cxd4 5.Nf3 d6 6.Bc4 Nb6 7.Bb3 dxe5 8.Nxe5 e6
9.cxd4 Nc6 10.Nxc6 bxc6 11.O-O Ba6 12.Re1 Be7 13.Nc3 O-O 14.Bf4 c5 15.d5 c4
16.Bc2 Nxd5 17.Nxd5 exd5 18.Re5 Bb7 19.Qh5 g6 20.Qh6 f5 21.Rae1 Bf6 22.Re6 Bg7
23.Qh3 Qd7 24.Re7 Rae8 25.Qa3 Bxb2 26.Qc5 Rxe7 27.Rxe7 Re8 28.Rxe8+ Qxe8
29.Be3 Bg7 30.Qxa7 d4 31.Qxb7 dxe3 32.Qd5+ Kh8 33.fxe3 Qxe3+ 34.Kf1 Bd4 35.Qf3 Qg1+
36.Ke2 Qc1 37.Bd1 Qb2+ 38.Kf1 Qxa2 39.Qe2 Qxe2+ 40.Kxe2 Kg7 41.Kf3 h5 42.h4 Kf6
43.Ba4 Be5 44.Ke3 c3 45.Bd1 Bg3 46.Kd3 Be1 47.Ba4 Bd2 48.Be8 g5 49.g3 Be1
50.Bxh5 f4 51.gxf4 gxh4 52.Bg4 Bd2  1/2-1/2

[Event "CRO-chT2"]
[Site "Tucepi"]
[Date "1996.??.??"]
[Round "?"]
[White "Sermek, Drazen"]
[Black "Komljenovic, Davor"]
[Result "1-0"]
[WhiteElo "2535"]
[BlackElo "2475"]

1.e4 c5 2.c3 Nf6 3.e5 Nd5 4.d4 cxd4 5.Nf3 e6 6.cxd4 d6 7.Bc4 Bd7 8.O-O Bc6
9.Nc3 Nb6 10.Bd3 N8d7 11.Ng5 g6 12.f4 Be7 13.exd6 Bxd6 14.f5 exf5 15.Bxf5 Nf6
16.Qb3 O-O 17.Nxf7 Rxf7 18.Be6 Be8 19.Bg5 Be7 20.Rae1 Kg7 21.Bxf7 Bxf7 22.Qc2 h6
23.Rxe7 hxg5 24.Rxf7+ Kxf7 25.Ne4 Qxd4+ 26.Kh1 Nd5 27.Nxg5+ Ke7 28.Qxg6 Re8
29.Qf7+ Kd6 30.Qxb7 Qb6 31.Qf7 Qf2 32.Qf8+ Rxf8 33.Rxf2 Rc8 34.h3 Rc1+ 35.Kh2 Ra1
36.b3 Nd7 37.Rd2 Nf6 38.Re2 Kc5 39.Ne6+ Kb4 40.Nd4 Kc3 41.Nc6 Kd3 42.Rf2 Ne4
43.Rf3+ Ne3 44.Nb4+ Ke2 45.Rxe3+ Kxe3 46.Nc2+ Kd2 47.Nxa1 Kc3 48.g4 Kb2 49.b4 Kxa1
50.a4 Kb2 51.b5 Kc3 52.a5 Nd6 53.g5 Nxb5 54.g6 Nd4 55.g7  1-0

[Event "CRO-chT2"]
[Site "Tucepi"]
[Date "1996.??.??"]
[Round "?"]
[White "Susak, Zeljko"]
[Black "Rosandic, Denis"]
[Result "1-0"]
[WhiteElo "2235"]
[BlackElo "2295"]

1.e4 c5 2.c3 Nf6 3.e5 Nd5 4.d4 cxd4 5.Nf3 b6 6.cxd4 e6 7.Nc3 Bb7 8.a3 Be7
9.Bd3 O-O 10.O-O Nxc3 11.bxc3 d6 12.Qe2 Qc7 13.Bf4 Nd7 14.Rfe1 dxe5 15.Nxe5 Nxe5
16.Bxe5 Bd6 17.Bxh7+ Kxh7 18.Qh5+ Kg8 19.Bxg7 f6 20.Bxf8 Bxf8 21.Rxe6 Qg7
22.d5 Rd8 23.c4 b5 24.Re3 Qf7 25.Qg4+ Bg7 26.Rae1 Bc8 27.Qg3 bxc4 28.Re7 Qf8
29.Qc7 Bh6 30.Qxd8  1-0

[Event "CRO-chT"]
[Site "Tucepi"]
[Date "1996.??.??"]
[Round "?"]
[White "Podobnik, Marijan"]
[Black "Jukic, Branimir"]
[Result "0-1"]
[WhiteElo "2290"]
[BlackElo "2390"]

1.e4 c5 2.c3 Nf6 3.e5 Nd5 4.d4 cxd4 5.Nf3 d6 6.cxd4 Nc6 7.Bc4 Nb6 8.Bb3 d5
9.Nh4 e6 10.Nf3 Be7 11.Nc3 Bd7 12.O-O a5 13.Bc2 Na7 14.a4 Nc6 15.g3 Nb4 16.Bb1 Nc8
17.h4 h6 18.Nh2 Na7 19.Qg4 Bf8 20.f4 h5 21.Qd1 g6 22.Nf3 b6 23.Be3 Bc8 24.Ng5 Ba6
25.Rf3 Qd7 26.Kh2 Nac6 27.f5 gxf5 28.Nh3 O-O-O 29.Bg5 Be7 30.Nb5 Bxb5 31.axb5 Na7
32.Rc3+ Kb7 33.Bxe7 Qxe7 34.Bd3 Nxd3 35.Qxd3 Qb4 36.Rb3 Qc4 37.Nf4 Qxd3 38.Nxd3 Rc8
39.Rc1 Rc4 40.Rbc3 Rxc3 41.bxc3 Nxb5 42.Nf4 Na3 43.Kg1 Nc4 44.Ra1 Nd2 45.Ra3 Ne4
46.Kg2 Ka6 47.Kf3 b5  0-1

[Event "CRO-chT"]
[Site "Tucepi"]
[Date "1996.??.??"]
[Round "?"]
[White "Gladisheva, Tatjana"]
[Black "Mihevc, Narcisa"]
[Result "1-0"]
[WhiteElo "2115"]
[BlackElo "2250"]

1.e4 c5 2.c3 Nf6 3.e5 Nd5 4.d4 cxd4 5.Nf3 Nc6 6.cxd4 d6 7.Bc4 Nb6 8.Bxf7+ Kxf7
9.Ng5+ Kg8 10.Qf3 Qe8 11.e6 Nd8 12.d5 h6 13.Nh3 Nxd5 14.Qxd5 Bxe6 15.Qf3 Qc6
16.Qxc6 bxc6 17.Nf4 Bf7 18.Nc3 e5 19.Nfe2 d5 20.Bd2 Rb8 21.b3 g6 22.O-O Kh7
23.Na4 c5 24.Rac1 Nb7 25.f4 e4 26.b4 cxb4 27.Rc7 Kg8 28.Nd4 Bd6 29.Rcc1 Be8
30.Nc6 Bxc6 31.Rxc6 Kf7 32.Be3 Rhc8 33.Rfc1 Rxc6 34.Rxc6 a5 35.Nb6 Ke6 36.g4 g5
37.f5+ Kf7 38.Nxd5 a4 39.Rb6 b3 40.axb3 axb3 41.Rxb3 Na5 42.Rxb8 Bxb8 43.h3 Nc4
44.Kf2 Be5 45.Bc5 Bb2 46.Ke2 Be5 47.Bb4 Bf4 48.Nc3 Bd2 49.Nd5 Bf4 50.Bc3 Bc1
51.Bd4 Bf4 52.Nc3 Nd2 53.Be3 Bxe3 54.Kxe3 Nf3 55.Nxe4 Ng1 56.Nf2 Kf6 57.Ke4 Ne2
58.Kd5 Nf4+ 59.Kd6 Nxh3 60.Nxh3 h5 61.gxh5 Kxf5 62.Nf2 g4 63.Nxg4 Kg5 64.h6 Kg6
65.Ke6 Kh7 66.Kf6  1-0

[Event "Paks GM"]
[Site "Ungarn"]
[Date "1996.??.??"]
[Round "?"]
[White "Acs, Peter"]
[Black "Molnar, Bela"]
[Result "1-0"]
[WhiteElo "2440"]
[BlackElo "2360"]

1.e4 c5 2.c3 Nf6 3.e5 Nd5 4.d4 cxd4 5.Nf3 e6 6.cxd4 b6 7.Nc3 Nxc3 8.bxc3 Qc7
9.Bd2 d6 10.Bd3 Nd7 11.Ng5 dxe5 12.Qf3  1-0